| 000 | 00859nas a2200253Ia 4500 | ||
|---|---|---|---|
| 001 | R109/G9492 | ||
| 003 | IT-RoPAU | ||
| 008 | 151124c99999999xx |||||||||||| ||und|| | ||
| 040 | _aIT-RoPAU | ||
| 040 | _cIT-RoPAU | ||
| 041 | _aFRANCESE | ||
| 100 |
_aBeriou Nicole _gCodice Aut. SPICS: 56107 |
||
| 210 | _aCOMMUNICATIONS | ||
| 222 | _aCommunications | ||
| 245 |
_aCOMMUNICATIONS, N.72 (2002) _bUn Mode Singulier D'Education. La Predication Aux Derniers Siecles Du Moyen Age |
||
| 250 | _a1a ed. | ||
| 260 |
_aPARIS _bSEUIL _c2002 |
||
| 501 |
_bPaulus - SPICS - Società San Paolo EM (non-commercial uses only) _cCopyright2015 |
||
| 300 | _a15 p. [113-127] | ||
| 362 | _aN.72 (2002) | ||
| 500 | _aUn Modo Singolare di Educazione. Predicazione Negli Ultimi Secoli del Medio Evo. | ||
| 650 |
_aCOMUNICAZIONE _vPUBBLICAZIONE PERIODICA |
||
| 942 | _cCR | ||
| 999 |
_c203536 _d203536 |
||